[Event "Kouty nad Desnou op-B"]
[Site "Kouty nad Desnou"]
[Date "2015.03.12"]
[Round "7"]
[White "Gzib, David"]
[Black "Buk, Pavel"]
[Result "0-1"]
[WhiteElo "1558"]
[BlackElo "1732"]
[PlyCount "58"]
[EventDate "2015.03.07"]
[EventType "swiss"]
[EventRounds "9"]
[EventCountry "CZE"]
[SourceTitle "EXT 2017"]
[Source "ChessBase"]
[SourceDate "2016.10.25"]
[SourceVersion "1"]
[SourceVersionDate "2016.10.25"]
[SourceQuality "1"]

1. d4 f5 2. c4 e6 3. e3 Nf6 4. Nc3 b6 5. Nf3 Bb7 6. Bd3 Bb4 7. Bd2 0-0 8. 0-0 a5 9. a3 Bxc3 10. Bxc3 Ne4 11. Qe2 d6 12. Rfd1 Nd7 13. Rac1 Ndf6 14. Nd2 Qe8 15. f3 Nxc3 16. Rxc3 Qh5 17. Nf1 g5 18. Ng3 Qf7 19. d5 f4 20. exf4 gxf4 21. dxe6 Qg7 22. Nf5 Qg5 23. e7 Rf7 24. h4 Qh5 25. Qe6 Re8 26. Re1 Bc8 27. Qe2 Bxf5 28. Bxf5 Qxf5 29. Rd3 Rfxe7 0-1

[Event "Sec Almed op"]
[Site "Sec u Chrudimi"]
[Date "2008.10.30"]
[Round "7"]
[White "Felcman, Tomas"]
[Black "Buk, Pavel"]
[Result "1-0"]
[WhiteElo "1764"]
[BlackElo "1668"]
[PlyCount "33"]
[EventDate "2008.10.25"]
[EventType "swiss"]
[EventRounds "9"]
[EventCountry "CZE"]
[SourceTitle "EXT 2022"]
[Source "ChessBase"]
[SourceDate "2021.10.06"]
[SourceVersion "1"]
[SourceVersionDate "2021.10.06"]
[SourceQuality "1"]

1. d4 f5 2. h3 d5 3. g4 fxg4 4. hxg4 Bxg4 5. Bg2 Nf6 6. Nc3 c6 7. Bf4 e6 8. f3 Bf5 9. e4 Bg6 10. e5 Nh5 11. Qd2 Be7 12. Be3 Bh4+ 13. Bf2 Bxf2+ 14. Qxf2 Qg5 15. Nge2 Bxc2 16. f4 Qg6 17. Bf3 1-0